00791nam a2200181 i 4500001000700000003000900007005001700016008004100033080002400074110004400098245020400142260004900346300002100395510002000416610005600436700002200492852009500514163021ES-MaACL20230906212642.0931025s1859 sp |||| | spa d a5:061.22(460.27 M.)2 aAcademia de Ciencias Naturales (Madrid)10aResumen de las actas de la Real Academia de Ciencias de Madrid en el año académico de 1857 a 1858, leído en la sesión del día 13 de octubre /cpor el secretario perpetuo... Mariano Lorente. aMadrid : b[s.n.], c1859 (fEusebio Aguado) a57 p. ; c22 cm.4 aPalau, c26289224aAcademia de Ciencias Naturales (Madrid)-vMemorias.1 aLorente, Mariano.4 aES-MaACLjT-354-F-10 z- Enc. hol., falto de cub. originalz- Enc. en un vol. facticio